Nghiên cứu phục tráng giống lúa mùa thơm (Oryza sativa L.) ở Tây Ninh theo hướng chất lượng cao : Luận văn tốt nghiệp Cao học. Chuyên ngành Di truyền và Chọn giống cây trồng
Nghiên cứu được thực hiện nhằm khôi phục đặc tính mùi thơm của giống lúa mùa thơm ở Tây Ninh, đồng thời giúp nông dân trồng lúa sản xuất một cách bền vững, góp phần nâng cao thu nhập và cải thiện cuộc sống....
Na minha lista:
| Autor principal: | |
|---|---|
| Formato: | Livro |
| Idioma: | Undetermined |
| Publicado em: |
Cần Thơ
Trường Đại học Cần Thơ
2018
|
| Assuntos: | |
| Tags: |
Adicionar Tag
Sem tags, seja o primeiro a adicionar uma tag!
|
| Thư viện lưu trữ: | Trung tâm Học liệu Trường Đại học Cần Thơ |
|---|
| LEADER | 01188nam a2200217Ia 4500 | ||
|---|---|---|---|
| 001 | CTU_227616 | ||
| 008 | 210402s9999 xx 000 0 und d | ||
| 082 | |a 633.18 | ||
| 082 | |b D513 | ||
| 100 | |a Trịnh, Văn Dũng | ||
| 245 | 0 | |a Nghiên cứu phục tráng giống lúa mùa thơm (Oryza sativa L.) ở Tây Ninh theo hướng chất lượng cao : | |
| 245 | 0 | |b Luận văn tốt nghiệp Cao học. Chuyên ngành Di truyền và Chọn giống cây trồng | |
| 245 | 0 | |c Trịnh Văn Dũng ; Võ Công Thành (Cán bộ hướng dẫn) | |
| 260 | |a Cần Thơ | ||
| 260 | |b Trường Đại học Cần Thơ | ||
| 260 | |c 2018 | ||
| 520 | |a Nghiên cứu được thực hiện nhằm khôi phục đặc tính mùi thơm của giống lúa mùa thơm ở Tây Ninh, đồng thời giúp nông dân trồng lúa sản xuất một cách bền vững, góp phần nâng cao thu nhập và cải thiện cuộc sống. | ||
| 650 | |a Lúa,Rice | ||
| 650 | |x Giống,Breeding | ||
| 910 | |b nthai | ||
| 980 | |a Trung tâm Học liệu Trường Đại học Cần Thơ | ||